Catálogo público

Economía de la cuenca del Papalopan (Record no. 22462)

MARC details
000 -CABECERA
campo de control de longitud fija 01455nam a22003737a 4500
003 - IDENTIFICADOR DEL NÚMERO DE CONTROL
campo de control CHAP
005 - FECHA Y HORA DE LA ÚLTIMA TRANSACCIÓN
campo de control 20220329134558.0
008 - DATOS DE LONGITUD FIJA--INFORMACIÓN GENERAL
campo de control de longitud fija 971013s1950 r 00010 d
010 ## - NÚMERO DE CONTROL DE LA BIBLIOTECA DEL CONGRESO
Número de control de LC 22462
011 ## - ENLACE DEL NUMERO DE CONTROL DE LA BIBLIOTECA DEL CONGRESO [OBSOLETO]
Número de control de LC 23434
035 ## - NÚMERO DE CONTROL DEL SISTEMA
Número de control de sistema 27530
040 ## - FUENTE DE LA CATALOGACIÓN
Centro/agencia transcriptor CHAP
082 ## - NÚMERO DE LA CLASIFICACIÓN DECIMAL DEWEY
Número de clasificación 330.9726
Número de documento/Ítem A8
100 00 - ENTRADA PRINCIPAL--NOMBRE DE PERSONA
Nombre de persona Attolini, José.
9 (RLIN) 8285
245 ## - MENCIÓN DE TÍTULO
Título Economía de la cuenca del Papalopan
Resto del título : bosques fauna, pesca, ganadería e industria
260 ## - PUBLICACIÓN, DISTRIBUCIÓN, ETC.
Lugar de publicación, distribución, etc. México, D.F. :
Nombre del editor, distribuidor, etc. Universidad Nacional Autónoma de México. Instituto de Investigaciones Económicas,
Fecha de publicación, distribución, etc. 1950
300 ## - DESCRIPCIÓN FÍSICA
Extensión 176 p.
Otras características físicas :ilus. y anexos
500 ## - NOTA GENERAL
Nota general Sustituido por Ortega Delgado, Ma. Luisa. Manual de Prácticas de bioquímica
590 ## - NOTA LOCAL (RLIN)
Nota local BATCH-UPD
Procedencia (VM) [OBSOLETO] 10
Condición del los carretes individuales (VM) [OBSOLETO] 20130109
-- UCH01
-- 2339
590 ## - NOTA LOCAL (RLIN)
Nota local BATCH-UPD
Procedencia (VM) [OBSOLETO] 10
Condición del los carretes individuales (VM) [OBSOLETO] 20130110
-- UCH01
-- 1714
590 ## - NOTA LOCAL (RLIN)
Nota local BATCH-UPD
Procedencia (VM) [OBSOLETO] 10
Condición del los carretes individuales (VM) [OBSOLETO] 20130409
-- UCH01
-- 1907
590 ## - NOTA LOCAL (RLIN)
Nota local BATCH-UPD
Procedencia (VM) [OBSOLETO] 10
Condición del los carretes individuales (VM) [OBSOLETO] 20130410
-- UCH01
-- 1059
590 ## - NOTA LOCAL (RLIN)
Nota local BATCH-UPD
Procedencia (VM) [OBSOLETO] 10
Condición del los carretes individuales (VM) [OBSOLETO] 20130914
-- UCH01
-- 0425
590 ## - NOTA LOCAL (RLIN)
Nota local CONVERSION
Procedencia (VM) [OBSOLETO] 10
Condición del los carretes individuales (VM) [OBSOLETO] 20130109
-- UCH01
-- 1313
650 14 - PUNTO DE ACCESO ADICIONAL DE MATERIA--TÉRMINO DE MATERIA
Término de materia o nombre geográfico como elemento de entrada Cuenca del Papaloapan.
9 (RLIN) 30032
650 14 - PUNTO DE ACCESO ADICIONAL DE MATERIA--TÉRMINO DE MATERIA
Término de materia o nombre geográfico como elemento de entrada Oaxaca
Subdivisión general Condiciones económicas.
9 (RLIN) 82476
650 14 - PUNTO DE ACCESO ADICIONAL DE MATERIA--TÉRMINO DE MATERIA
Término de materia o nombre geográfico como elemento de entrada Puebla
Subdivisión general Condiciones económicas.
9 (RLIN) 92870
650 14 - PUNTO DE ACCESO ADICIONAL DE MATERIA--TÉRMINO DE MATERIA
Término de materia o nombre geográfico como elemento de entrada Veracruz
Subdivisión general Condiciones económicas.
9 (RLIN) 118807
901 ## - ELEMENTOS DE DATOS A LOCAL LDA (RLIN)
a BK
942 ## - ELEMENTOS DE PUNTO DE ACCESO ADICIONAL (KOHA)
Tipo de ítem Koha Libro
949 ## - PROCESAMIENTO DE INFORMACIÓN LOCAL (OCLC)
a 330.9726 A8
b BC
c BPA
d -63881
e BPA
i 27530
m D
s i
949 ## - PROCESAMIENTO DE INFORMACIÓN LOCAL (OCLC)
a 330.9726 A8
b BC
c LIBRO
d -63883
e LIBRO
f c.3
h 46109
i 27530
m D
s i
949 ## - PROCESAMIENTO DE INFORMACIÓN LOCAL (OCLC)
a 330.9726 A8
b BC
c MUT
d -63882
e MUT
f c.2
i 27530
m D
s i
Holdings
Estado de retiro Estado de pérdida Fuente del sistema de clasificación o colocación Estado dañado Restricciones de uso No para préstamo Código de colección Localización permanente Ubicación/localización actual Ubicación en estantería Fecha de adquisición Información codificada de la localización en otra ubicación Total de préstamos Signatura topográfica completa Código de barras Fecha visto por última vez Número de copia Precio válido a partir de Tipo de ítem Koha Nota pública
    Dewey Decimal Classification   Préstamo 15 días   General Biblioteca Central Biblioteca Central Planta alta - Colección General 17/12/2012 LIBRO   330.9726 A8 -63883 31/12/2019 c.3 31/12/2019 Libro  
Material descartado       Préstamo interno2 Excluido de préstamo Material descartado Biblioteca Central Biblioteca Central   17/12/2012 LIBRO   330.9726 A8 -63881 31/12/2019   31/12/2019 Libro Recien adquirido
      Material dañado Préstamo interno2 Excluido de préstamo Material mutilado Biblioteca Central Biblioteca Central   31/12/2019 LIBRO   330.9726 A8 -63882 31/12/2019 c.2 31/12/2019 Libro Recien adquirido